Наръчник за експлоатация на водопроводите (Запис номер 185740)
[ съкратено ]
| 000 -Лидер | |
|---|---|
| Контролно поле с фиксирана дължина | nam a22 a 4500 |
| 003 - Код на организацията, давaща контролен номер | |
| Контролно поле | BLK |
| 005 - Дата и час на последна редакция | |
| Контролно поле | 20221115163348.0 |
| 008 - Елементи от данни с фиксирана дължина | |
| fixed length control field | 180411b bul|||||r ||||||| ||bul|| |
| 010 ## - Наследен системен номер | |
| LC control number | KNG00194734000 |
| 040 ## - Източник на каталожния запис | |
| Идентификатор на билиотеката - собственик на записа | BLK |
| 041 ## - Код за език | |
| Код за езика на текст/звукозапис или на отделно заглавие | Български |
| Код за езика КДБФ | Български |
| 080 ## - УДК | |
| Текстов определител УДК | Водоснабдяване. Пречистване на водите. Вж и 627.8; 628.3; 644. Вътрешна водопроводно-канализационна мрежа вж 696.1 |
| УДК код - определител по УДК | 628.1 |
| УДК определител | (035) |
| УДК - код + определител | 628.1(035) |
| 100 1# - Редна дума - Автор | |
| Автор | Кузуджийски, Крум В. |
| Авторска отговорност | първи автор |
| R(LIN) | 85332 |
| 139 ## - Редно поле | |
| Редна дума | Кузуджийски, Крум В. и др. |
| Авторски знак | Ку - К 93 |
| 245 10 - Сведения за заглавието | |
| Заглавие | Наръчник за експлоатация на водопроводите |
| Редно поле (дума) | Крум В. Кузуджийски; Кузман Д. Кузмов |
| 250 ## - Област на изданието | |
| Сведения за изданието | 2. изд. |
| 257 ## - Страна на издаване | |
| Страна на създаване/издаване | България |
| 260 ## - Област на издателските данни | |
| Място на издаване, разпространение и проч. | София |
| Име на издателя, разпространителя и проч. | Техника |
| Година на издаване | 1978 |
| Печатница | Враца : В. Александров |
| 300 ## - Физическа характеристика | |
| Страници | 303 с. |
| Илюстрации и др. | с ил. |
| Размери/Мащаб | 22 см |
| 380 ## - Жанр | |
| Жанр | Техника |
| 500 ## - Общи забележки | |
| Забележка | 1. изд. 1961. |
| 504 ## - Забележка за наличие на библиография и др | |
| Забележка за наличие на библиография и под. | Библиогр. с. 295-296. |
| 650 #4 - Допълнително описание по предмет – тема | |
| Основно описание – тема или топоним | Водопроводи - наръчници и ръководства |
| 9 (RLIN) | 343904 |
| 653 #0 - Ключова дума – ненормативна | |
| 9 (RLIN) | 454594 |
| Ключова дума | наръчници и ръководства |
| 700 1# - Други автори (авторска отговорност) | |
| Лично име | Кузмов, Кузман Д. |
| Автороска отговорност (Описва отношението между автора и произведението) | съавт. |
| 9 (RLIN) | 343903 |
| 852 ## - Местоположение | |
| Форматна сигнатура | Цб 94337 |
| Фондова буква | Хранилище |
| 856 4# - Електронен адрес и достъп | |
| Електронен формат | pdf - файл |
| Инструкция (цена за достъп) | 0.00 |
| Права за достъп | disable |
| 999 ## - СИСТЕМНИ КОНТРОЛНИ НОМЕРА | |
| Koha biblionumber | 185740 |
| Koha biblioitemnumber | 185740 |
| 942 ## - АРТИКУЛИ | |
| Вид на библиотечния материал | Книги |
| Скрит в OPAC | Не |
| Koha issues (borrowed), all copies | 1 |
| Периодичен библиозапис | Да |
| 944 ## - СЪЗДАВАНЕ И РЕДАКЦИЯ на ЗАПИСА | |
| Създаване/Редакция | Създаване |
| Дата на регистрацията/редакция | 31.10.2016 |
| Служител, извършил регистрацията/редакцията | Кети_Илиева |
| 944 ## - СЪЗДАВАНЕ И РЕДАКЦИЯ на ЗАПИСА | |
| Създаване/Редакция | Редакция |
| Дата на регистрацията/редакция | 31.10.2016 |
| Служител, извършил регистрацията/редакцията | Кети_Илиева |
| Код за отписване | Код за изгубен артикул | Източник на класификационната схема | Код за повреда | Коз за рестрикции | Код за отдаване | Артикулен № | Име на библиотеката - собственик | Име на библиотеката, в която се намира в момента | Статус (Текущо местоположение) | Дата на вписване в системата | Местоположение - отдел | Цена в лева | Инвентарен номер | Систематично азбучна сигнатура | Баркод | Номер на екземпляра | Цена в евро | Служебна бележка | Служебен тип на артикула |
|---|---|---|---|---|---|---|---|---|---|---|---|---|---|---|---|---|---|---|---|
| Не е изгубен | Universal Decimal Classification | Не е повреден | без рестрикции | ползва се в читалня | 322372 | Регионална библиотека "Любен Каравелов" Русе | Регионална библиотека "Любен Каравелов" Русе | Хранилище | 1978-01-01 | Хранилище | 1.12 | 265945 | Цб 94337 | 120000265945 | 1 | 0.57 | Вид: Сф Дата: 01.01.1978 | Книги | |
| Изтеглен | Не е изгубен | Universal Decimal Classification | Не е повреден | без рестрикции | заемане за дома | 322373 | Регионална библиотека "Любен Каравелов" Русе | Регионална библиотека "Любен Каравелов" Русе | Заемна - подръчен фонд | 1978-01-01 | Заемна - подръчен фонд | 1.12 | 266272 | П 628.1/К 93 | 266272 | 2 | 0.57 | Вид: Сф Дата: 01.01.1978 | Книги |
| Изтеглен | Не е изгубен | Universal Decimal Classification | Не е повреден | без рестрикции | заемане за дома | 322374 | Регионална библиотека "Любен Каравелов" Русе | Регионална библиотека "Любен Каравелов" Русе | Заемна - подръчен фонд | 1978-01-01 | Заемна - подръчен фонд | 1.12 | 266273 | П 628.1/К 93 | 266273 | 3 | 0.57 | Вид: Сф Дата: 01.01.1978 Дата инв: 06.02.2018 Бележки инв: П2018 | Книги |